01434nam a2200337 a 4500001001000000003000500010005001700015008004100032010001100073011001100084040000900095090001000104100004600114245014000160260004100300500006000341502007600401590004000477590004000517590004000557650003200597650004100629650004800670856007000718901000700788942001000795942000600805999001900811952013100830952013500961000113832CHAP20220329144415.0170928s2017 mx sm |||||||spa d a110293 a111265 cCHAP aTesis1 aOrtiz Heredia, María Angélica912598010aUso de modificadores de la fermentación ruminal en la finalización de corderosh[En línea]cpor María Angélica Ortiz Heredia. aChapingo, Méx. :bEl autor,c2017. aPara ver el contenido del material haga clic en la liga aTesis (M.C. en Inovación Ganadera) -- UACH. Departamento de Zootecnia aE6339RRRb05c20170928lUCH01h1420 aE6339RRRb05c20170928lUCH01h1421 aE6339RRRb05c20170928lUCH01h142314aDigestión ruminal.93256814aGanado lanarxAlimentación.94515314aGanado lanarxNutrientes minerales.9131944 aFinding aiduhttp://10.13.5.2/tesis/sist113832.pdfzTeclea aquí aBK cTESIS n0 c110293d110293 00104054718TESISaBCbBCd2017-09-28fTESISl0oTesisp113834-10r2019-12-31 00:00:00w2019-12-31yTESISzRecien adquirido 00102local4053708TESISaBCbBCcPA_TESISd2017-09-28fTESISl0oTesisp113834-20r2019-12-31 00:00:00tc.2w2019-12-31yTESIS